Southville International School and Colleges
Your cart is empty.
  • Cart
  • Lists
    Public lists Eva Luna New books Lux_list list_1
    Your lists Log in to create your own lists
  • Log in to your account
  • Your cookies
  • Search history
Southville International School and Colleges
  • Advanced search
  • Recent comments
  • Most popular
  • Libraries

Log in to your account

Log in with GOOGLE


If you do not have an external account, but do have a local account, you can still log in:

  1. Home
  2. MARC view: The Court of Boyville
Normal view MARC view ISBD view

The Court of Boyville (Record no. 241632)

[ view plain ]
MARC details
000 -LEADER
fixed length control field 00984cam a22002773a 4500
001 - CONTROL NUMBER
control field 12377
003 - CONTROL NUMBER IDENTIFIER
control field PGUSA
005 - DATE AND TIME OF LATEST TRANSACTION
control field 20140828083248.0
008 - FIXED-LENGTH DATA ELEMENTS--GENERAL INFORMATION
fixed length control field 040501s2004||||xxu|||||s|||||000 1 eng d
040 ## - CATALOGING SOURCE
Original cataloging agency PGUSA
Language of cataloging eng
042 ## - AUTHENTICATION CODE
Authentication code dc
050 #4 - LIBRARY OF CONGRESS CALL NUMBER
Classification number PZ
100 1# - MAIN ENTRY--PERSONAL NAME
Personal name White, William Allen,
Dates associated with a name 1868-1944
245 14 - TITLE STATEMENT
Title The Court of Boyville
Medium [electronic resource] /
Statement of responsibility, etc William Allen White
260 ## - PUBLICATION, DISTRIBUTION, ETC. (IMPRINT)
Name of publisher, distributor, etc Project Gutenberg,
Date of publication, distribution, etc 2004
505 0# - FORMATTED CONTENTS NOTE
Formatted contents note The martyrdom of "Mealy" Jones -- A recent Confederate victory -- "While the evil days come not" -- James Sears: a naughty person -- Much pomp and several circumstances -- "The herb called hearts-ease".
506 ## - RESTRICTIONS ON ACCESS NOTE
Terms governing access Public domain in the USA.
516 ## - TYPE OF COMPUTER FILE OR DATA NOTE
Type of computer file or data note Electronic text
653 ## - INDEX TERM--UNCONTROLLED
Uncontrolled term Boys -- Juvenile fiction
653 ## - INDEX TERM--UNCONTROLLED
Uncontrolled term Children's stories
700 1# - ADDED ENTRY--PERSONAL NAME
Personal name Verbeek, Gustave,
Dates associated with a name 1867-1937
700 1# - ADDED ENTRY--PERSONAL NAME
Personal name Lowell, Orson,
Dates associated with a name 1871-1956
830 #0 - SERIES ADDED ENTRY--UNIFORM TITLE
Uniform title Project Gutenberg
Volume number/sequential designation 12377
856 40 - ELECTRONIC LOCATION AND ACCESS
Uniform Resource Identifier <a href="http://www.gutenberg.org/ebooks/12377">http://www.gutenberg.org/ebooks/12377</a>
942 ## - ADDED ENTRY ELEMENTS (KOHA)
Koha item type eBooks
Holdings
Withdrawn status Lost status Damaged status Home library Current library Date acquired Total Checkouts Date last seen Price effective from Koha item type
      Project Gutenberg Project Gutenberg 08/28/2014   08/28/2014 08/28/2014 eBooks

The Court of Boyville

APA

White W. A., Verbeek G. & Lowell O. (2004). The Court of Boyville. : Project Gutenberg.

Chicago

White William Allen, Verbeek Gustave and Lowell Orson. 2004. The Court of Boyville. : Project Gutenberg.

Harvard

White W. A., Verbeek G. and Lowell O. (2004). The Court of Boyville. : Project Gutenberg.

MLA

White William Allen, Verbeek Gustave and Lowell Orson. The Court of Boyville. : Project Gutenberg. 2004.

  • Place hold
  • Print
  • Cite
  • Add to your cart (remove)
  • Save record
    BIBTEX Dublin Core MARCXML MARC (non-Unicode/MARC-8) MARC (Unicode/UTF-8) MARC (Unicode/UTF-8, Standard) MODS (XML) RIS
  • More searches
    Search for this title in:
    Other Libraries (WorldCat) Other Databases (Google Scholar) Online Stores (Bookfinder.com) Open Library (openlibrary.org)

Exporting to Dublin Core...

SOUTHVILLE LIBRARY

Southville International School and Colleges Library

1281 Tropical Ave. Cor. Luxembourg St., BF Homes International, Las Pinas City

Tel. No. 8256374 / 252358 Loc. 117/146

Powered by Koha